Pharmacology : (Record no. 19102)
[ view plain ]
| 000 -LEADER | |
|---|---|
| fixed length control field | 00948nam a22002897a 4500 |
| 005 - DATE AND TIME OF LATEST TRANSACTION | |
| control field | 20150323125421.0 |
| 008 - FIXED-LENGTH DATA ELEMENTS--GENERAL INFORMATION | |
| fixed length control field | 150323b xxu||||| |||| 00| 0 eng d |
| 020 ## - INTERNATIONAL STANDARD BOOK NUMBER | |
| International Standard Book Number | 9780071813501 |
| 020 ## - INTERNATIONAL STANDARD BOOK NUMBER | |
| International Standard Book Number | 0071813500 |
| 040 ## - CATALOGING SOURCE | |
| Original cataloging agency | EG-ScBUE |
| 082 00 - DEWEY DECIMAL CLASSIFICATION NUMBER | |
| Edition number | 22 |
| Classification number | 615.1076 |
| Item number | PHA |
| 245 00 - TITLE STATEMENT | |
| Title | Pharmacology : |
| Remainder of title | examination & board review / |
| Statement of responsibility, etc | Anthony J. Trevor ... [et al.] |
| 246 34 - VARYING FORM OF TITLE | |
| Title proper/short title | Katzung & Trevor's pharmacology |
| 246 30 - VARYING FORM OF TITLE | |
| Title proper/short title | Pharmacology |
| 246 3# - VARYING FORM OF TITLE | |
| Title proper/short title | Katzung and Trevor's pharmacology : |
| Remainder of title | examination and board review / |
| 250 ## - EDITION STATEMENT | |
| Edition statement | 10th ed. |
| 260 ## - PUBLICATION, DISTRIBUTION, ETC. (IMPRINT) | |
| Place of publication, distribution, etc | New York : |
| Name of publisher, distributor, etc | McGraw Hill Medical, |
| Date of publication, distribution, etc | c.2013. |
| 300 ## - PHYSICAL DESCRIPTION | |
| Extent | vi, 646 p. : |
| Other physical details | ill. (col.) ; |
| Dimensions | 28 cm. |
| 500 ## - GENERAL NOTE | |
| General note | "A Lange medical book." |
| 500 ## - GENERAL NOTE | |
| General note | Includes appendixes. |
| 500 ## - GENERAL NOTE | |
| General note | Index : p. 581-646. |
| 650 #0 - SUBJECT ADDED ENTRY--TOPICAL TERM | |
| 9 (RLIN) | 36103 |
| Topical term or geographic name as entry element | Pharmacology |
| Form subdivision | Examinations, questions, etc. |
| 653 ## - INDEX TERM--UNCONTROLLED | |
| Resource For college | Pharmacy |
| Arrived date list | March2015 |
| 655 ## - INDEX TERM--GENRE/FORM | |
| Form subdivision | |
| -- | 34232 |
| 700 1# - ADDED ENTRY--PERSONAL NAME | |
| Personal name | Trevor, Anthony J. |
| 942 ## - ADDED ENTRY ELEMENTS (KOHA) | |
| Source of classification or shelving scheme | Dewey Decimal Classification |
| Withdrawn status | Item status | Source of classification or shelving scheme | Damaged status | Not for loan | Vendor | Home library | Current library | Shelving location | Date acquired | Source of acquisition | Cost, normal purchase price | Total Checkouts | Total Renewals | Full call number | Barcode | Date last seen | Date last borrowed | Cost, replacement price | Koha item type | Checked out |
|---|---|---|---|---|---|---|---|---|---|---|---|---|---|---|---|---|---|---|---|---|
| Dewey Decimal Classification | Baccah | Central Library | Central Library | First floor | 23/03/2015 | 220.00 | 4 | 30 | 615.1076 PHA | 000037727 | 15/07/2025 | 22/10/2024 | 275.00 | Book - Borrowing | ||||||
| Dewey Decimal Classification | Baccah | Central Library | Central Library | First floor | 23/03/2015 | 220.00 | 3 | 2 | 615.1076 PHA | 000037728 | 27/06/2016 | 27/06/2016 | 275.00 | Book - Borrowing | 14/03/2020 | |||||
| Dewey Decimal Classification | Baccah | Central Library | Central Library | First floor | 23/03/2015 | 220.00 | 3 | 6 | 615.1076 PHA | 000037729 | 15/07/2025 | 22/10/2024 | 275.00 | Book - Borrowing |